Normal view MARC view

Entry Topical Term

Number of records used in: 1

001 - CONTROL NUMBER

  • control field: 50397

003 - CONTROL NUMBER IDENTIFIER

  • control field: OSt

005 - DATE AND TIME OF LATEST TRANSACTION

  • control field: 20250127163438.0

008 - FIXED-LENGTH DATA ELEMENTS

  • fixed length control field: 250127|| aca||aabn | a|a d

040 ## - CATALOGING SOURCE

  • Original cataloging agency: OSt
  • Transcribing agency: OSt

150 ## - HEADING--TOPICAL TERM

  • Topical term or geographic name entry element: Representative bureaucracy, Distributive justice, Government contractors.

670 ## - SOURCE DATA FOUND

  • Source citation: Work cat.: (OSt): Baker, K. Rubin, E. V. Weinberg, S. and Stout, C.T. 50396, What's representation got to do with it? Comparing public reactions to diversity among government employees and government contractors

Powered by Koha